000 00640nam a2200229Ia 4500
003 OSt
005 20220926042708.0
006 a|||||r|||| 00| 0
007 ta
008 220923b |||||||| |||| 00| 0 eng d
037 _cGeneral Book
040 _aRTL
_cRTL
_beng
041 _2eng
_aeng
082 _aX9:294.73.N6<-N29, K2
100 _aFuchs Victor R
_9250618
245 0 _aChanges in the location of manufacturing in the Un
260 _c1962
490 _aEconomics census studies, 1.
650 _aProduction
942 _hX9:294.73.N6<-N29, K2
_cGB
_2CC
999 _c670357
_d670357